000 00509nam a22002177a 4500
003 UA-OsUOA
001 41231
007 ta
008 20060919b un ||||| |||| 00| 0 ukr d
100 _aLaqueur W.
090 _a94(4)
942 _cBK
040 _aUA-OsUOA
_bpol
_cUA-OsUOA
_dUA-OsUOA
245 _aHistoria Europy 1945-1992
300 _a650 с.
955 _a2
041 _apol
080 _a94(4)
650 7 _a9 Географія. Біографії. Історія
_2UDC
999 _c327353
_d327353